The creation : (Record no. 1052)

000 -LEADER
fixed length control field 02278nam a22004457a 4500
001 - CONTROL NUMBER
control field 14374732
003 - CONTROL NUMBER IDENTIFIER
control field OSt
005 - DATE AND TIME OF LATEST TRANSACTION
control field 20210426122058.0
008 - FIXED-LENGTH DATA ELEMENTS--GENERAL INFORMATION
fixed length control field 060512s2006 nyua b 000 0 eng
010 ## - LIBRARY OF CONGRESS CONTROL NUMBER
LC control number 2006015573
015 ## - NATIONAL BIBLIOGRAPHY NUMBER
National bibliography number GBA666407
Source bnb
016 7# - NATIONAL BIBLIOGRAPHIC AGENCY CONTROL NUMBER
Record control number 013522263
Source Uk
020 ## - INTERNATIONAL STANDARD BOOK NUMBER
International Standard Book Number 0393062171 (hardcover)
020 ## - INTERNATIONAL STANDARD BOOK NUMBER
International Standard Book Number 9780393062175
020 ## - INTERNATIONAL STANDARD BOOK NUMBER
International Standard Book Number 9780393062175
035 ## - SYSTEM CONTROL NUMBER
System control number (OCoLC)ocm69241402
035 ## - SYSTEM CONTROL NUMBER
System control number (OCoLC)69241402
040 ## - CATALOGING SOURCE
Original cataloging agency DLC
Transcribing agency DLC
Modifying agency BAKER
-- GK8
-- C#P
-- VP@
-- YDXCP
-- OCLCQ
-- BUR
-- UKM
-- STF
-- LMR
-- BTCTA
-- AGL
-- DLC
Language of cataloging eng
041 ## - LANGUAGE CODE
Language code of text/sound track or separate title eng
042 ## - AUTHENTICATION CODE
Authentication code pcc
050 00 - LIBRARY OF CONGRESS CALL NUMBER
Classification number QH303
Item number .W55 2006
070 0# - NATIONAL AGRICULTURAL LIBRARY CALL NUMBER
Classification number QH303
Item number .W55 2006
080 ## - UNIVERSAL DECIMAL CLASSIFICATION NUMBER
Universal Decimal Classification number 59
Item number W-68
082 00 - DEWEY DECIMAL CLASSIFICATION NUMBER
Classification number 333.95/16
Edition number 22
100 1# - MAIN ENTRY--PERSONAL NAME
Personal name Wilson, Edward O.
245 14 - TITLE STATEMENT
Title The creation :
Remainder of title an appeal to save life on earth /
Statement of responsibility, etc. / by: W. W. Norton and Company
250 ## - EDITION STATEMENT
Edition statement 1st edition
260 ## - PUBLICATION, DISTRIBUTION, ETC.
Place of publication, distribution, etc. New York :
Name of publisher, distributor, etc. W. W. Norton and Company
Date of publication, distribution, etc. c2006.
300 ## - PHYSICAL DESCRIPTION
Extent viii, 175 p.
Other physical details ill.
Dimensions 22 cm.
365 ## - TRADE PRICE
Price amount 21.95 usd
504 ## - BIBLIOGRAPHY, ETC. NOTE
Bibliography, etc. note Includes bibliographical references (p. 169-173).
520 ## - SUMMARY, ETC.
Summary, etc. " Like Rachel Carson's Silent Spring, this is a book about the fate of the earth and the survival of our planet. Wilson attempts to bridge the seemingly irreconcilable worlds of fundamentalism and science. Passionately concerned about the state of the world, he draws on his own personal experiences and expertise as an entomologist, and prophesies that half the species of plants and animals on Earth could either have gone or at least are fated for early extinction by the end of our present century. This is not a bitter, predictable rant against fundamentalist Christians or deniers of Darwin; rather, Wilson, a leading "secular humanist," draws upon his own rich background as a boy in Alabama who "took the waters," and seeks not to condemn this new generation of Christians but to address them on their own terms.--From publisher description.
650 #0 - SUBJECT ADDED ENTRY--TOPICAL TERM
Topical term or geographic name entry element Biology.
650 #0 - SUBJECT ADDED ENTRY--TOPICAL TERM
Topical term or geographic name entry element Zoology
9 (RLIN) 466
650 #0 - SUBJECT ADDED ENTRY--TOPICAL TERM
Topical term or geographic name entry element Creation.
653 ## - INDEX TERM--UNCONTROLLED
Uncontrolled term ზოოლოგია
906 ## - LOCAL DATA ELEMENT F, LDF (RLIN)
a 7
b cbc
c orignew
d 1
e ecip
f 20
g y-gencatlg
942 ## - ADDED ENTRY ELEMENTS (KOHA)
Source of classification or shelving scheme
Koha item type Books
Edition 1
Holdings
Withdrawn status Lost status Source of classification or shelving scheme Damaged status Not for loan Permanent location Current location Date acquired Inventory number Total Checkouts Full call number Barcode Date last seen Price effective from Koha item type
          Ken Walker International University Ken Walker International University 01/28/2021 2529   59 W-68 2529 01/28/2021 01/28/2021 Books

Powered by Koha